00438nam a2200169 a 4500020001800000082001400018100002400032245004300056260003300099300000900132500003500141505001700176650001300193650002400206700001900230700001900249 a0883448 00a230bEVA1 aEvans, Alice Frazer aGlobalization of Theological Education aNew YorkbOrbis Books c1993 a366p aincludes index and biblioraphy2 aBibliography aTheology aChristian-Education1 aRobert A Evans1 aDavid A Roozen